Approximation in L1 by Kantorovich polynomials
Elmentve itt :
| Szerző: | |
|---|---|
| Dokumentumtípus: | Cikk |
| Megjelent: |
1983
|
| Sorozat: | Acta scientiarum mathematicarum
46 |
| Kulcsszavak: | Matematika |
| Online Access: | http://acta.bibl.u-szeged.hu/14932 |
| LEADER | 00593nab a2200181 i 4500 | ||
|---|---|---|---|
| 001 | acta14932 | ||
| 005 | 20210409110222.0 | ||
| 008 | 161015s1983 hu o 0|| eng d | ||
| 022 | |a 0001-6969 | ||
| 040 | |a SZTE Egyetemi Kiadványok Repozitórium |b hun | ||
| 041 | |a eng | ||
| 100 | 1 | |a Totik Vilmos | |
| 245 | 1 | 0 | |a Approximation in L1 by Kantorovich polynomials |h [elektronikus dokumentum] / |c Totik Vilmos |
| 260 | |c 1983 | ||
| 300 | |a 211-222 | ||
| 490 | 0 | |a Acta scientiarum mathematicarum |v 46 | |
| 695 | |a Matematika | ||
| 856 | 4 | 0 | |u http://acta.bibl.u-szeged.hu/14932/1/math_046_211-222.pdf |z Dokumentum-elérés |